Statistics for Most Populous Islands of Europe

Click here to take the quiz!

General Stats

  • This quiz has been taken 12,753 times
    (7,747 since last reset)
  • The average score is 24 of 127

Answer Stats

PopulationCountryIsland% Correct
5.077kItalySicily
92%
6.378k-Ireland
91%
60.800k-Great Britain
82%
1.656kItalySardinia
82%
409k-Malta
82%
623kGreeceCrete
81%
327kFranceCorsica
79%
333k-Iceland
77%
859kSpainMallorca
72%
84kUnited KingdomIsle of Man
69%
133kSpainIbiza
61%
93kSpainMenorca
56%
100kUnited KingdomJersey
53%
13kIrelandGreat Island
52%
2.268kDenmarkSjaelland
49%
51kGreeceRhodes
49%
63kUnited KingdomGuernsey
47%
140kUnited KingdomIsle of Wight
46%
86kGreeceLesbos
44%
19kUnited KingdomShetland Mainland
39%
58kSwedenGotland
37%
102kGreeceCorfu
35%
22kDenmarkStreymoy
35%
17kUnited KingdomOrkney Mainland
32%
26kFinlandFasta Åland
30%
16kGreeceSantorini
27%
10kUnited KingdomSkye
26%
33kGreeceKos
23%
20kUnited KingdomLewis and Harris
23%
33kItalyElba
23%
10kGreeceMykonos
21%
70kUnited KingdomAnglesey
20%
19kCroatiaKrk
20%
40kDenmarkBornholm
19%
13kItalyCannaregio
18%
25kSwedenÖland
18%
466kDenmarkFyn
18%
12kItalyCapri
17%
19kGreeceNaxos
17%
41kGreeceZákynthos
16%
191kGreeceEuboea
16%
77kGermanyRügen
15%
33kGreeceSamos
15%
36kGreeceKefalonia
15%
37kMaltaGozo
15%
14kNetherlandsTexel
14%
31kEstoniaSaaremaa
14%
18kFranceIle de Ré
13%
46kDenmarkMøn
13%
63kDenmarkLolland
13%
52kGreeceChios
12%
76kGermany/PolandUsedom
12%
337kNetherlandsFlevoland
12%
21kGermanySylt
12%
17kGreeceLemnos
11%
14kGreeceParos
10%
11kSpainFormentera
10%
11kCroatiaHvar
10%
43kDenmarkFalster
9%
14kCroatiaBrač
9%
14kGreeceThasos
8%
16kCroatiaKorčula
8%
30kPolandWolin
8%
23kGreeceLefkada
8%
62kItalyIschia
8%
12kGermanyFehmarn
8%
40kUnited KingdomIsle of Sheppey
8%
22kFranceIle d'Oléron
8%
110kSwedenSödermalm
7%
22kGreeceSyros
7%
13kDenmarkLangeland
7%
147kUnited KingdomPortsea Island
7%
297kDenmarkVendsyssel-Thy
7%
764kSwedenSödertörn
7%
196kDenmarkAmager
7%
36kNorwayTromsøya
7%
38kUnited KingdomCanvey
6%
48kSwedenVärmdö
6%
18kPolandPort Island
6%
48kNetherlandsGoeree-Overflakkee
6%
130kSwedenHisingen
6%
22kDenmarkMors
6%
51kDenmarkAls
6%
61kSwedenKungsholmen
6%
13kGreeceAegina
6%
15kSwedenOrust
6%
32kSwedenLidingö
6%
13kUnited KingdomHoly Island
6%
15kSwedenTjörn
6%
12kItalyLipari
6%
203kRussiaVasilyevsky
5%
17kUnited KingdomHayling
5%
16kGreeceKalymnos
5%
16kSwedenEkerö
5%
20kItalyLido di Venezia
5%
20kFinlandLauttasaari
5%
423kNetherlandsIJsselmonde
5%
10kFranceNoirmoutier
5%
32kNorwayHinnøya
5%
39kGreeceSalamis
5%
11kUnited KingdomWalney
5%
12kItalySant'Antioco
4%
11kItalyProcida
4%
10kDenmarkEysturoy
4%
10kNorwayKvaløya
4%
10kCroatiaLošinj
4%
43kRussiaKotlin
4%
10kNorwayVestvågøya
4%
16kNorwayLangøya
4%
34kNetherlandsSchouwen-Duiveland
4%
42kNorwayKarmøy
4%
19kNorwayStord
4%
119kNetherlandsDordrecht
4%
31kNorwaySotra
4%
21kNorwayNøtterøy
4%
27kNorwayAskøy
4%
22kSwedenHertsön
3%
13kNetherlandsRozenburg
3%
160kNetherlandsVoorne-Putten
3%
11kSwedenFaringsö
3%
13kItalyMaddalena
3%
85kNetherlandsHoeksche Waard
3%
15kNorwayKirkelandet
2%
21kNetherlandsIJburg
2%
115kRussiaPetrogradsky
2%
16kFinlandLaajasalo
2%
11kFranceÎle de Nantes
2%

Score Distribution

Percentile by Number Answered

Percent of People with Each Score

Your Score History

You have not taken this quiz since the last reset